Which 20 teams have participated the most in the World Cup - Statistics

General Stats
  • This quiz has been taken 44 times
  • The average score is 18 of 20
Answer Stats
Appearances Country % Correct
18 Argentina
98%
22 Brazil
98%
20 Germany
98%
18 Italy
98%
16 Spain
98%
16 France
95%
11 Netherlands
95%
16 England
93%
18 Mexico
93%
11 Russia
93%
12 Sweden
93%
12 United States
93%
14 Uruguay
93%
14 Belgium
90%
9 Chile
90%
9 Poland
90%
12 Switzerland
85%
9 Czech Republic
78%
11 South Korea
63%
13 Serbia
53%
No matching quizzes found
Score Distribution
Percent of People with Each Score
Percentile by Number Answered
Your Score History
You have not taken this quiz